<?xml version="1.0" encoding="UTF-8"?>
<collection xmlns="http://www.loc.gov/MARC21/slim">
 <record>
  <leader>02053nam a22002777a 4500</leader>
  <controlfield tag="001">NCT_136139</controlfield>
  <controlfield tag="008">220613b        xxu||||| |||| 00| 0 vie d</controlfield>
  <datafield tag="999" ind1=" " ind2=" ">
   <subfield code="c">7027</subfield>
   <subfield code="d">7027</subfield>
  </datafield>
  <datafield tag="020" ind1=" " ind2=" ">
   <subfield code="a">9786046653288</subfield>
   <subfield code="c">310000</subfield>
  </datafield>
  <datafield tag="082" ind1="0" ind2="4">
   <subfield code="2">23rd ed.</subfield>
   <subfield code="a">616.9</subfield>
   <subfield code="b">Kh107</subfield>
  </datafield>
  <datafield tag="100" ind1="1" ind2=" ">
   <subfield code="a">Tống Phi Khanh</subfield>
   <subfield code="e">Chủ biên</subfield>
  </datafield>
  <datafield tag="245" ind1="1" ind2="0">
   <subfield code="a">Kỹ thuật xét nghiệm vi sinh y học</subfield>
   <subfield code="c">Tống Phi Khanh (chủ biên); Lê Kim Ngọc Giao, Trương Quanh Vinh,... (biên soạn)</subfield>
  </datafield>
  <datafield tag="250" ind1=" " ind2=" ">
   <subfield code="a">Tái bản lần thứ nhất có chỉnh sửa và bổ sung</subfield>
  </datafield>
  <datafield tag="260" ind1=" " ind2=" ">
   <subfield code="a">Tp Hồ Chí Minh</subfield>
   <subfield code="b">Y học</subfield>
   <subfield code="c">2021</subfield>
  </datafield>
  <datafield tag="300" ind1=" " ind2=" ">
   <subfield code="a">280 tr.</subfield>
   <subfield code="b">Minh họa</subfield>
   <subfield code="c">30cm</subfield>
  </datafield>
  <datafield tag="520" ind1="3" ind2=" ">
   <subfield code="a">Nội dung giáo trình được trình bày trong 4 chương: Chương I. Các kỹ thuật cơ bản trong vi sinh y học; chương II. Kỹ thuật định danh từng loại VK gây bệnh theo phương pháp vi khuẩn học; chương III. Kỹ thuật phân tích bệnh phẩm,...</subfield>
  </datafield>
  <datafield tag="653" ind1=" " ind2=" ">
   <subfield code="a">Xét nghiệm Y học</subfield>
  </datafield>
  <datafield tag="700" ind1="1" ind2=" ">
   <subfield code="a">Lê Kim Ngọc Giao</subfield>
   <subfield code="e">Biên soạn</subfield>
  </datafield>
  <datafield tag="700" ind1="1" ind2=" ">
   <subfield code="a">Trương Quanh Vinh</subfield>
   <subfield code="e">Biên soạn</subfield>
  </datafield>
  <datafield tag="942" ind1=" " ind2=" ">
   <subfield code="2">ddc</subfield>
   <subfield code="c">BK</subfield>
  </datafield>
  <datafield tag="952" ind1=" " ind2=" ">
   <subfield code="0">0</subfield>
   <subfield code="1">0</subfield>
   <subfield code="2">ddc</subfield>
   <subfield code="4">0</subfield>
   <subfield code="6">616_900000000000000_KH107</subfield>
   <subfield code="7">0</subfield>
   <subfield code="9">25031</subfield>
   <subfield code="a">000001</subfield>
   <subfield code="b">000001</subfield>
   <subfield code="d">2022-06-13</subfield>
   <subfield code="l">1</subfield>
   <subfield code="o">616.9 Kh107</subfield>
   <subfield code="p">MD.19659</subfield>
   <subfield code="r">2023-03-22</subfield>
   <subfield code="s">2023-03-22</subfield>
   <subfield code="v">310000.00</subfield>
   <subfield code="w">2022-06-13</subfield>
   <subfield code="y">BK</subfield>
  </datafield>
  <datafield tag="952" ind1=" " ind2=" ">
   <subfield code="0">0</subfield>
   <subfield code="1">0</subfield>
   <subfield code="2">ddc</subfield>
   <subfield code="4">0</subfield>
   <subfield code="6">616_900000000000000_KH107</subfield>
   <subfield code="7">0</subfield>
   <subfield code="9">25032</subfield>
   <subfield code="a">000001</subfield>
   <subfield code="b">000001</subfield>
   <subfield code="d">2022-06-13</subfield>
   <subfield code="l">5</subfield>
   <subfield code="m">2</subfield>
   <subfield code="o">616.9 Kh107</subfield>
   <subfield code="p">MD.19660</subfield>
   <subfield code="r">2023-04-01</subfield>
   <subfield code="s">2023-03-22</subfield>
   <subfield code="v">310000.00</subfield>
   <subfield code="w">2022-06-13</subfield>
   <subfield code="y">BK</subfield>
  </datafield>
  <datafield tag="952" ind1=" " ind2=" ">
   <subfield code="0">0</subfield>
   <subfield code="1">0</subfield>
   <subfield code="2">ddc</subfield>
   <subfield code="4">0</subfield>
   <subfield code="6">616_900000000000000_KH107</subfield>
   <subfield code="7">0</subfield>
   <subfield code="9">25033</subfield>
   <subfield code="a">000001</subfield>
   <subfield code="b">000001</subfield>
   <subfield code="d">2022-06-13</subfield>
   <subfield code="l">3</subfield>
   <subfield code="o">616.9 Kh107</subfield>
   <subfield code="p">MD.19661</subfield>
   <subfield code="r">2023-03-09</subfield>
   <subfield code="s">2023-02-24</subfield>
   <subfield code="v">310000.00</subfield>
   <subfield code="w">2022-06-13</subfield>
   <subfield code="y">BK</subfield>
  </datafield>
  <datafield tag="952" ind1=" " ind2=" ">
   <subfield code="0">0</subfield>
   <subfield code="1">0</subfield>
   <subfield code="2">ddc</subfield>
   <subfield code="4">0</subfield>
   <subfield code="6">616_900000000000000_KH107</subfield>
   <subfield code="7">0</subfield>
   <subfield code="9">25034</subfield>
   <subfield code="a">000001</subfield>
   <subfield code="b">000001</subfield>
   <subfield code="d">2022-06-13</subfield>
   <subfield code="l">7</subfield>
   <subfield code="o">616.9 Kh107</subfield>
   <subfield code="p">MD.19662</subfield>
   <subfield code="r">2023-04-05</subfield>
   <subfield code="s">2023-03-24</subfield>
   <subfield code="v">310000.00</subfield>
   <subfield code="w">2022-06-13</subfield>
   <subfield code="y">BK</subfield>
  </datafield>
  <datafield tag="952" ind1=" " ind2=" ">
   <subfield code="0">0</subfield>
   <subfield code="1">0</subfield>
   <subfield code="2">ddc</subfield>
   <subfield code="4">0</subfield>
   <subfield code="6">616_900000000000000_KH107</subfield>
   <subfield code="7">0</subfield>
   <subfield code="9">25035</subfield>
   <subfield code="a">000001</subfield>
   <subfield code="b">000001</subfield>
   <subfield code="d">2022-06-13</subfield>
   <subfield code="l">3</subfield>
   <subfield code="o">616.9 Kh107</subfield>
   <subfield code="p">MD.19663</subfield>
   <subfield code="r">2023-03-09</subfield>
   <subfield code="s">2023-02-23</subfield>
   <subfield code="v">310000.00</subfield>
   <subfield code="w">2022-06-13</subfield>
   <subfield code="y">BK</subfield>
  </datafield>
  <datafield tag="980" ind1=" " ind2=" ">
   <subfield code="a">Thư viện Trường Đại học Nam Cần Thơ</subfield>
  </datafield>
 </record>
</collection>
